02221nam a2200325 i 4500003000900000005001700009007000300026008004100029020001800070040003000088082001300118100004300131245015100174264003900325300002700364336002700391337003400418338002800452500005800480500003800538504003000576520099200606590002701598700006001625700003701685910001401722942001401736952012801750999001701878DO-SdBNP20231121105659.0ta110413s2012 dr 000 j spa d a9789945475371 aDO-SdBNPbspacBNPHUerda bC352222 aCastillo Roldán, Juan Miguel,98333310aPayola :bderecho e industria musical /cJuan Miguel Castillo Roldán ; presentación Juan Manuel Guerrero De Jesús ; prólogo Manuel Tejada  1aSanto Domingo :bFerilibro,c2012. a170 páginas c23 cm. 2rdacontentatextobtxt 2rdamediaasin mediación bn 2rdacarrieravolumenbnc aIncluye datos biográficos del autor en la solapas.  aIncluye notas a pie de páginas. aBibliografía p: 147-158 aEl presente estudio tiene como objeto de investigación y análisis jurídico un fenómeno altamente controversial que ocurre de manera preocupante habitual en la cotidianidad de la industria musical y los medios de radiodifusión sonora: la payola. El autor demuestra que este fenómeno no levita libremente sobre las normas, exento de violaciones o repercusiones jurídicas. La payola es una práctica abiertamente antijurídica, violatoria de derechos individuales y colectivos positivizados en nuestro ordenamiento jurídico y, además, clasificables en tres grupos: derecho cultural, derecho patrimonial de comunicación pública del autor y derecho de las competencias. Payola, Derechos e industria musical es un estudio que destaca por su enjundia y por el rigor científico con que su autor asume la tarea bien lograda y desde perspectivas distintas, de conjurar los mitos y la irresponsabilidad anecdótica y maniquea urdidos tradicionalmente alrededor del tema.  aInventariado, 2023/ YL1 aGuerrero De Jesús, Juan Manuelepresentación9846531 aTejada, Manueleprólogo984654 aYLockward 2ddccLBS1 00102ddc51708PDaBNPHUbBNPHUcCTd2023-08-15eIsabel Medinal0oBNPHU PD C352p2023-7915r2023-11-21w2023-11-21yLBS1 c55537d55537